Encyclopaedia the Britannica guide to the Islamic world : (Record no. 4947)

MARC details
000 -LEADER
fixed length control field 00867cam a2200253 4500
001 - CONTROL NUMBER
control field 5857
003 - CONTROL NUMBER IDENTIFIER
control field OCoLC
005 - DATE AND TIME OF LATEST TRANSACTION
control field 20181127180424.0
008 - FIXED-LENGTH DATA ELEMENTS--GENERAL INFORMATION
fixed length control field 080612s2009 enkaf 001 0 eng
020 ## - INTERNATIONAL STANDARD BOOK NUMBER
International Standard Book Number 9781845298197
Terms of availability (pbk.)
100 ## - MAIN ENTRY--PERSONAL NAME
Personal name Sardar, Ziauddin.
Numeration
Titles and words associated with a name
Dates associated with a name
Relator term
Fuller form of name
245 04 - TITLE STATEMENT
Title Encyclopaedia the Britannica guide to the Islamic world :
Remainder of title religion, history, and the future /
Statement of responsibility, etc. introduction by Ziauddin Sardar
246 ## - VARYING FORM OF TITLE
Title proper/short title Encyclopedia the Britannica guide to the Islamic world :
Remainder of title
Date or sequential designation
Medium
Display text
Number of part/section of a work
Name of part/section of a work
Title proper/short title Britannica guide to the Islamic world
Title proper/short title Islamic world
260 ## - PUBLICATION, DISTRIBUTION, ETC.
Place of publication, distribution, etc. London :
Name of publisher, distributor, etc. Robinson ;
Date of publication, distribution, etc. 2009
300 ## - PHYSICAL DESCRIPTION
Extent xix, 432 p., [8] p. of plates :
Other physical details ill. ;
Dimensions 20 cm
440 #0 - SERIES STATEMENT/ADDED ENTRY--TITLE
Title Britannica guide series
500 ## - GENERAL NOTE
General note Includes index
650 #0 - SUBJECT ADDED ENTRY--TOPICAL TERM
Topical term or geographic name entry element Islam
Topical term or geographic name entry element Islamic art
651 #0 - SUBJECT ADDED ENTRY--GEOGRAPHIC NAME
Geographic name Islamic countries
Geographic name Islamic countries
General subdivision History
Holdings
Withdrawn status Lost status Source of classification or shelving scheme Damaged status Not for loan Collection code Home library Current library Shelving location Date acquired Serial Enumeration / chronology Inventory number Total Checkouts Full call number Barcode Date last seen Date last checked out Price effective from Koha item type
    Dewey Decimal Classification     Main TEST RTC Library RTC Library Main opac 30/08/2021 9328 1 956 SAR 30009108 03/12/2021 30/08/2021 27/11/2018 Main
Royal Thimphu College || All Right Reserved